| 000 | 00472nam a2200193Ia 4500 | ||
|---|---|---|---|
| 003 | OSt | ||
| 005 | 20250620145635.0 | ||
| 008 | 210210b1975 xxu||||| |||| 00| 0 eng d | ||
| 040 | _cAL | ||
| 041 | _aeng | ||
| 082 | _a158 PAPL | ||
| 100 |
_aPapp, Erika J _9215698 |
||
| 245 | _aLive with yourself and like it | ||
| 260 |
_aAllahabad _bBetter yourself books _c1975 |
||
| 300 | _a158 p. | ||
| 690 |
_aApplied Psychology _9215699 |
||
| 906 | _aSG01489 | ||
| 942 |
_2ddc _cSG |
||
| 999 |
_c113134 _d113134 |
||